000 00252nam a2200109Ia 4500
008 200302s9999 xx 000 0 und d
100 _aNadia Choucha
245 _aSurrealism & the Occult
260 _bDestiny Books
260 _c1992
300 _a134 P.,
999 _c1529
_d1529